Asymptotic expansions

Salvato in:
Dettagli Bibliografici
Autore principale: Erdélyi, A (Autore)
Natura: Libro
Lingua:inglese
Pubblicazione: Nueva York Dover 1956
Soggetti:
Tags: Aggiungi Tag
Nessun Tag, puoi essere il primo ad aggiungerne!!

MARC

LEADER 00000nam a2200000 a 4500
001 UCP3401
003 CL-VaPUC
008 990618e19560000US |||||||||||||||||eng|d
082 0 4 |a 515.352  |b ERD  |2 21 
100 0 |a Erdélyi, A  |e author  |9 430635 
245 1 0 |a Asymptotic expansions 
300 |a 108 p 
942 |c BK 
945 |d 19990618 00:00:00  |a crobeson 
260 |a Nueva York  |b Dover  |c 1956 
650 7 |a SERIES CONVERGENTES  |2 CL-VaPUC  |9 369774 
650 0 |a Integrales   |9 260233 
650 0 |a Ecuaciones diferenciales ordinarias  |9 270041 
583 |a last modification  |c 19990618 00:00:00  |k Rodrigo Vera 
999 |c 281727  |d 281725 
952 |0 0  |1 0  |4 0  |6 515_352000000000000_ERD_1956  |7 0  |8 A  |9 322701  |a BIBMAT  |b BIBMAT  |d 2019-11-20  |i 1350757  |o 515.352 ERD 1956  |p 1350757  |r 2025-01-07  |w 2019-11-20  |y BK  |k MAT